Sports Quiz

Random Sports or Baseball Quiz

MLB National League MVPs (2010s) Quiz Stats

 Plays Quiz Updated Aug 6, 2020

Support Sporcle.
Go Orange.
Score 0/10 Timer 04:00
4 Plays Today
Hint Answer % Correct
2015Bryce Harper
97%
2014Clayton Kershaw
96.5%
2010Joey Votto
94.4%
2011Ryan Braun
94%
2017Giancarlo Stanton
93.2%
2016Kris Bryant
91.3%
2012Buster Posey
90.7%
2018Christian Yelich
89.8%
2013Andrew McCutchen
89.4%
2019Cody Bellinger
85.5%

You're not logged in!

Compare scores with friends on all Sporcle quizzes.
OR
Log In

From the Vault

Closing Lines

by SporcleAdmin

It has been said that a movie is only as good as its ending, if that is true, then these are some pretty great movies!
Remove Ads.
Support Sporcle.
Get the best of Sporcle when you Go Orange. This ad-free experience offers more features, more stats, and more fun while also helping to support Sporcle. Thank you for becoming a member.

Show Comments

Extras

Top Quizzes Today


Score Distribution

Your Account Isn't Verified!

In order to create a playlist on Sporcle, you need to verify the email address you used during registration. Go to your Sporcle Settings to finish the process.

Report this User

Report this user for behavior that violates our Community Guidelines.

Details: